000 00563nam a2200205 4500
001 127263
003 ES-MaACL
005 20230906192958.0
007 t|
008 070214s1981 sp r ||||1| spa d
100 1 _aRicoeur, Paul.
_997042
245 1 3 _aEl discurso de la acción /
_cPaul Ricoeur ; traducción de Pilar Calvo.
260 _aMadrid :
_bCátedra,
_c1981.
300 _a154 p. ;
_c18 cm.
490 1 _aTeorema
700 1 _aCalvo, Pilar.
_933860
830 0 _aTeorema
_9181356
852 _aES-MaACL
_jL-1737
_bR.102075
999 _c127263
_d127263